000 01539cam a2200229 4500
001 X125066
008 040205n2004 000 0 eng u
035 _a(Sirsi) u125066
100 _aBrewer, G.
245 _aDirect payment to subcontractors
260 _c2004
490 _aContract Journal
_v421(6459) 21 January 2004, 22(1)
520 _a"Brican Fabrications Ltd v Merchant City Developments Ltd" (CSIH 17 July 2003, [2003] BLR 512), concerned the direct payment of subcontractors by the employer in the event of the insolvency of the main contractor. Brican (B) maintained that Merchant (M) had undertaken that, in the event of B entering into a subcontract with subcontractor Circle (C), M would make payment direct to it for its work. M claimed it had agreed only to deduct from amounts due to C under the main contract any monies which became due under the subcontract and redirect them to B. The Sheriff Principal's earlier decision was overturned by the CSIH, which held in favour of B. In certain circumstances an employer can bypass the main contractor to make direct payments to a subcontractor. View judgment at www.scotcourts.gov.uk.
650 _aInsolvency
_96247
650 _aBRICAN FABRICATIONS LTD V MERCHANT CITY DEVELOPMENTS LTD
650 _aSCOTLAND
650 _aSUBCONTRACTORS
650 _aDIRECT PAYMENTS
690 _aBUILT ENVIRONMENT-BUILDING CONTRACT FORMS
856 _uhttps://www.scotcourts.gov.uk/opinions/XA131_02.html
_zView the judgment on the Scottish Courts website...
942 _n0
999 _c74133
_d74133